| 000 | 00337 a2200133 4500 | ||
|---|---|---|---|
| 999 |
_c270114 _d270114 |
||
| 001 | 35041 | ||
| 003 | NUST | ||
| 005 | 20180118193928.0 | ||
| 008 | 180118b xxu||||| |||| 00| 0 eng d | ||
| 082 | _a629.83 VAN | ||
| 100 |
_aVegte, John Van De _98999 |
||
| 245 |
_aFeed Back Control _cJohn Van De Vegte |
||
| 260 |
_aNZ _bPrentice Hall Inc _c1986 |
||
| 300 | _axiv, 433 p. ; Pb | ||
| 500 | _aBE textbook | ||
| 942 |
_aNUST-CAE _cBK _k629.83 VAN _2ddc |
||